[Event "17MCR_F"]
[Site "?"]
[Date "2005.??.??"]
[Round "?"]
[White "Lounek, Jan"]
[Black "Sykora, Josef"]
[Result "1/2-1/2"]
[WhiteElo "2380"]
[BlackElo "2394"]
[PlyCount "81"]
[EventDate "2005.??.??"]
[EventType "corr"]
[SourceDate "2005.03.19"]

1. e4 c6 2. d4 d5 3. Nd2 dxe4 4. Nxe4 Nd7 5. Ng5 Ngf6 6. Bd3 e6 7. N1f3 Bd6 8.
Qe2 h6 9. Ne4 Nxe4 10. Qxe4 Qc7 11. O-O b6 12. Qg4 Kf8 13. b3 Bb7 14. Bb2 Nf6
15. Qh4 Nd5 16. Ne5 g5 17. Qg4 Nf4 18. Rfe1 Rd8 19. Qf3 c5 20. Be4 cxd4 21.
Bxd4 Bxe5 22. Bxe5 Qxe5 23. Bxb7 Qc7 24. g3 Nh3+ 25. Kg2 Rg8 26. Rad1 Rxd1 27.
Rxd1 g4 28. Qc6 Qxc6+ 29. Bxc6 Rg5 30. b4 Re5 31. Kf1 Rf5 32. f4 Nxf4 33. gxf4
Rxf4+ 34. Ke2 Rxb4 35. Rd8+ Kg7 36. Kd3 Rf4 37. Rd4 Rxd4+ 38. Kxd4 Kf6 39. Be8
Ke7 40. Bb5 Kf6 41. Be8 1/2-1/2

[Event "17MCR_F"]
[Site "?"]
[Date "2005.??.??"]
[Round "?"]
[White "Hybl, Vladislav"]
[Black "Bucek, Jiri"]
[Result "1/2-1/2"]
[WhiteElo "2305"]
[BlackElo "2360"]
[PlyCount "38"]
[EventDate "2005.??.??"]
[EventType "corr"]
[SourceDate "2005.03.19"]

1. e4 c5 2. Nf3 d6 3. d4 cxd4 4. Nxd4 Nf6 5. Nc3 a6 6. Be3 e6 7. Be2 Qc7 8. f4
Be7 9. O-O O-O 10. g4 d5 11. exd5 Nxd5 12. Nxd5 exd5 13. Bf3 Nc6 14. Qd2 Bd7
15. c3 Rad8 16. g5 Nxd4 17. Bxd4 Bd6 18. Qf2 Rde8 19. Bxd5 Bh3 1/2-1/2

[Event "17MCR_F"]
[Site "?"]
[Date "2005.??.??"]
[Round "?"]
[White "Nejtek, Jiri"]
[Black "Boukal, Petr"]
[Result "1/2-1/2"]
[WhiteElo "2326"]
[BlackElo "2417"]
[PlyCount "55"]
[EventDate "2005.??.??"]
[EventType "corr"]
[SourceDate "2005.03.19"]

1. e4 e6 2. d4 d5 3. e5 c5 4. Nc3 Nc6 5. Nf3 cxd4 6. Nb5 Bc5 7. a3 a6 8. b4
axb5 9. bxc5 Nge7 10. Rb1 Qa5+ 11. Bd2 Qxa3 12. Bxb5 Qxc5 13. O-O Ra2 14. Bd3
Ng6 15. Re1 Qe7 16. Rb3 Qc7 17. Qb1 Ra8 18. Bb4 Ngxe5 19. Nxe5 Nxe5 20. Bb5+
Nc6 21. Qd1 f6 22. Qh5+ g6 23. Qh4 Kf7 24. Rf3 Qd8 25. Bxc6 bxc6 26. Bd6 Kg7
27. Bc7 Qe7 28. Bd6 1/2-1/2

[Event "17MCR_F"]
[Site "?"]
[Date "2005.??.??"]
[Round "?"]
[White "Nejtek, Jiri"]
[Black "Sykora, Josef"]
[Result "1/2-1/2"]
[WhiteElo "2326"]
[BlackElo "2394"]
[PlyCount "49"]
[EventDate "2005.??.??"]
[EventType "corr"]
[SourceDate "2005.03.19"]

1. e4 c6 2. d4 d5 3. exd5 cxd5 4. c3 Nc6 5. Nf3 Nf6 6. Bf4 a6 7. Ne5 Bf5 8. Nd2
Nxe5 9. dxe5 Nd7 10. g4 Bg6 11. h4 h5 12. e6 fxe6 13. gxh5 Bxh5 14. Be2 g6 15.
Qc2 Rg8 16. Bxh5 gxh5 17. O-O-O Qb6 18. Bg5 e5 19. Nf1 Qe6 20. Ng3 Bh6 21. f4
O-O-O 22. Qe2 Rdf8 23. Qxh5 exf4 24. Qxh6 Rg6 25. Qh7 1/2-1/2

[Event "17MCR_F"]
[Site "?"]
[Date "2005.??.??"]
[Round "?"]
[White "Laurenc, Petr"]
[Black "Sykora, Josef"]
[Result "1/2-1/2"]
[WhiteElo "2484"]
[BlackElo "2394"]
[PlyCount "59"]
[EventDate "2005.??.??"]
[EventType "corr"]
[SourceDate "2005.03.19"]

1. e4 c6 2. d4 d5 3. Nc3 dxe4 4. Nxe4 Nd7 5. Nf3 Ngf6 6. Ng3 c5 7. c3 e6 8. Bd3
cxd4 9. Nxd4 Bc5 10. O-O O-O 11. Re1 Qb6 12. Nh5 Nxh5 13. Qxh5 Nf6 14. Qh4 Rd8
15. Be3 e5 16. b4 Bxd4 17. cxd4 e4 18. Bxe4 Nxe4 19. Qxe4 Qxb4 20. f3 Qb5 21.
a4 Qd5 22. Qxd5 Rxd5 23. a5 Be6 24. Rec1 Rad8 25. Rc7 R5d7 26. Rc5 h6 27. Rb1
g5 28. Kf2 Bd5 29. h4 f6 30. g4 1/2-1/2

[Event "17MCR_F"]
[Site "?"]
[Date "2005.??.??"]
[Round "?"]
[White "Laurenc, Petr"]
[Black "Nejtek, Jiri"]
[Result "1-0"]
[WhiteElo "2484"]
[BlackElo "2349"]
[PlyCount "69"]
[EventDate "2005.??.??"]
[EventType "corr"]
[SourceDate "2005.03.19"]

1. d4 d5 2. c4 c6 3. Nf3 e6 4. Qc2 dxc4 5. Qxc4 Nf6 6. Bg5 b5 7. Qc2 Bb7 8.
Nbd2 Nbd7 9. e3 Qb6 10. a4 Bb4 11. Be2 O-O 12. O-O Rfc8 13. Rfc1 a6 14. Bxf6
gxf6 15. Qe4 Bxd2 16. Nxd2 c5 17. Qh4 cxd4 18. exd4 Qa5 19. Rd1 Qb4 20. Ra3
Qxb2 21. Rg3+ Kf8 22. axb5 Rc1 23. Rxc1 Qxd2 24. Rc7 axb5 25. h3 Ra1+ 26. Kh2
Qe1 27. Rf3 Bxf3 28. Bxf3 Ke7 29. Qf4 Ra6 30. Bc6 Rxc6 31. Rxc6 Qb4 32. Qe3 Nb8
33. Rb6 Nd7 34. Ra6 Qc4 35. Qd2 1-0

[Event "17MCR_F"]
[Site "?"]
[Date "2005.??.??"]
[Round "?"]
[White "Priesol, Daniel"]
[Black "Masek, Jan"]
[Result "1/2-1/2"]
[WhiteElo "2318"]
[BlackElo "2368"]
[PlyCount "41"]
[EventDate "2005.??.??"]
[EventType "corr"]
[SourceDate "2005.03.19"]

1. e4 e5 2. Nf3 Nc6 3. d4 exd4 4. Nxd4 Bc5 5. Nxc6 Qf6 6. Qd2 dxc6 7. Nc3 Bd4
8. Bd3 Ne7 9. O-O Ng6 10. Kh1 Ne5 11. f3 Nxd3 12. cxd3 b6 13. Ne2 Ba6 14. Nxd4
Qxd4 15. Qf4 O-O 16. Qxc7 c5 17. Qg3 Bxd3 18. Rd1 Rae8 19. Qe1 f5 20. Be3 Qd6
21. exf5 1/2-1/2

[Event "17MCR_F"]
[Site "?"]
[Date "2005.??.??"]
[Round "?"]
[White "Nejtek, Jiri"]
[Black "Sochor, Frantisek"]
[Result "0-1"]
[WhiteElo "2349"]
[BlackElo "2308"]
[PlyCount "64"]
[EventDate "2005.??.??"]
[EventType "corr"]
[SourceDate "2005.03.19"]

1. e4 c5 2. Nf3 d6 3. d4 cxd4 4. Nxd4 Nf6 5. Nc3 a6 6. Be3 e6 7. f3 b5 8. g4 h6
9. Qd2 b4 10. Nce2 e5 11. Nf5 d5 12. O-O-O Be6 13. Kb1 Nc6 14. exd5 Nxd5 15.
Qe1 g6 16. Nfg3 Qc7 17. Bf2 Be7 18. Nc1 O-O 19. Bd3 a5 20. Nf5 a4 21. Nxe7+
Ncxe7 22. Ne2 Rab8 23. Ka1 Rfd8 24. Qd2 a3 25. b3 Nf4 26. Nxf4 exf4 27. Rde1
Nc6 28. Kb1 Nd4 29. Bxd4 Rxd4 30. h4 Rc8 31. Rh2 Qe7 32. h5 Qf6 0-1

[Event "17MCR_F"]
[Site "?"]
[Date "2005.??.??"]
[Round "?"]
[White "Masek, Jan"]
[Black "Nejtek, Jiri"]
[Result "1/2-1/2"]
[WhiteElo "2368"]
[BlackElo "2349"]
[PlyCount "57"]
[EventDate "2005.??.??"]
[EventType "corr"]
[SourceDate "2005.03.19"]

1. e4 e5 2. Nf3 Nf6 3. Nxe5 d6 4. Nf3 Nxe4 5. d3 Nf6 6. d4 d5 7. Bd3 Be7 8. O-O
Bg4 9. h3 Bh5 10. Bf4 O-O 11. Nbd2 Nbd7 12. c3 c5 13. Re1 Re8 14. dxc5 Nxc5 15.
Bb5 Rf8 16. Nb3 a6 17. Be2 Re8 18. Nfd4 Bg6 19. Nxc5 Bxc5 20. Qb3 b5 21. Rad1
Qd7 22. Bg3 Ne4 23. Bg4 Qd8 24. Bf3 Qb6 25. Qxd5 Rad8 26. Qb3 Bxd4 27. Rxd4
Rxd4 28. cxd4 Qxd4 29. Bxe4 1/2-1/2

[Event "17MCR_F"]
[Site "?"]
[Date "2005.??.??"]
[Round "?"]
[White "Svoboda, Frantisek"]
[Black "Bucek, Jiri"]
[Result "1/2-1/2"]
[WhiteElo "2391"]
[BlackElo "2326"]
[PlyCount "39"]
[EventDate "2005.??.??"]
[EventType "corr"]
[SourceDate "2005.03.19"]

1. c4 Nf6 2. Nc3 e5 3. Nf3 Nc6 4. g3 Bb4 5. Nd5 Bc5 6. Bg2 d6 7. O-O O-O 8. e3
a6 9. d4 Ba7 10. dxe5 Nxe5 11. Nxe5 dxe5 12. Qf3 Ne8 13. Nc3 c6 14. b3 Nf6 15.
h3 Qd3 16. Bb2 Re8 17. Qd1 Qg6 18. Re1 Qh6 19. g4 Qh4 20. Qf3 1/2-1/2

[Event "17MCR_F"]
[Site "?"]
[Date "2005.??.??"]
[Round "?"]
[White "Pytlik, Lesek"]
[Black "Vozda, Jindrich"]
[Result "1/2-1/2"]
[WhiteElo "2367"]
[BlackElo "2494"]
[PlyCount "54"]
[EventDate "2005.??.??"]
[EventType "corr"]
[SourceDate "2005.03.19"]

1. e4 c5 2. Nf3 Nc6 3. Bb5 d6 4. O-O Nf6 5. Bxc6+ bxc6 6. e5 Ng4 7. d3 f6 8.
exd6 exd6 9. Re1+ Be7 10. d4 cxd4 11. Nxd4 Qb6 12. a4 Ne5 13. a5 Qb7 14. f4 Bg4
15. Qd2 O-O 16. Qf2 d5 17. Qg3 Bc5 18. c3 Rae8 19. Na3 Qb8 20. Nac2 Bxd4+ 21.
Nxd4 Nd3 22. Rf1 Nxc1 23. Qxg4 Nb3 24. Nxb3 Qxb3 25. Qd7 Re2 26. Rae1 Qxb2 27.
Rxe2 Qxe2 1/2-1/2

[Event "17MCR_F"]
[Site "?"]
[Date "2005.??.??"]
[Round "?"]
[White "Svoboda, Frantisek"]
[Black "Hybl, Vladislav"]
[Result "1/2-1/2"]
[WhiteElo "2390"]
[BlackElo "2305"]
[PlyCount "44"]
[EventDate "2005.??.??"]
[EventType "corr"]
[SourceDate "2005.03.19"]

1. c4 c6 2. Nf3 d5 3. e3 Nf6 4. Nc3 e6 5. b3 Nbd7 6. Qc2 Bd6 7. Bb2 O-O 8. Be2
b6 9. O-O Bb7 10. d4 Qe7 11. e4 Nxe4 12. Nxe4 dxe4 13. Qxe4 Rad8 14. Bd3 f5 15.
Qe3 c5 16. Ng5 Rde8 17. Rfe1 cxd4 18. Qxe6+ Qxe6 19. Nxe6 Nc5 20. Nxc5 Bxc5 21.
a3 a5 22. Red1 Rd8 1/2-1/2

[Event "17MCR_F"]
[Site "?"]
[Date "2005.??.??"]
[Round "?"]
[White "Boukal, Petr"]
[Black "Vozda, Jindrich"]
[Result "1/2-1/2"]
[WhiteElo "2417"]
[BlackElo "2494"]
[PlyCount "42"]
[EventDate "2005.??.??"]
[EventType "corr"]
[SourceDate "2005.03.19"]

1. e4 c5 2. Nc3 e6 3. Nf3 a6 4. d4 cxd4 5. Nxd4 Qc7 6. Bd3 Nc6 7. Nxc6 dxc6 8.
O-O e5 9. f4 Nf6 10. Kh1 Bc5 11. f5 h5 12. Qf3 b5 13. Bg5 Bb7 14. Bh4 Be7 15.
a3 Rd8 16. Qg3 O-O 17. Be2 Rd4 18. Bg5 Rfd8 19. Bh6 Bf8 20. Bg5 Be7 21. Bh6 Bf8
1/2-1/2

[Event "17MCR_F"]
[Site "?"]
[Date "2005.??.??"]
[Round "?"]
[White "Hybl, Vladislav"]
[Black "Hala, Martin"]
[Result "1/2-1/2"]
[WhiteElo "2305"]
[BlackElo "2380"]
[PlyCount "48"]
[EventDate "2005.??.??"]
[EventType "corr"]
[SourceDate "2005.03.19"]

1. e4 e5 2. Nf3 Nc6 3. Bb5 f5 4. Nc3 fxe4 5. Nxe4 d5 6. Nxe5 dxe4 7. Nxc6 Qg5
8. Qe2 Nf6 9. f4 Qxf4 10. Ne5+ c6 11. d4 Qh4+ 12. g3 Qh3 13. Bc4 Be6 14. Bg5
O-O-O 15. O-O-O Bd6 16. Nf7 Bxf7 17. Bxf7 Rhf8 18. Bc4 Rde8 19. Rhf1 h6 20. Bf4
Bxf4+ 21. Rxf4 Re7 22. d5 cxd5 23. Bxd5 Rfe8 24. Bb3 Kb8 1/2-1/2

[Event "17MCR_F"]
[Site "?"]
[Date "2005.??.??"]
[Round "?"]
[White "Brousek, Jiri"]
[Black "Masek, Jan"]
[Result "0-1"]
[WhiteElo "2361"]
[BlackElo "2368"]
[PlyCount "72"]
[EventDate "2005.??.??"]
[EventType "corr"]
[SourceDate "2005.03.19"]

1. d4 Nf6 2. Nf3 g6 3. Nc3 d5 4. Bf4 Bg7 5. e3 O-O 6. Be2 Bg4 7. Ne5 Bxe2 8.
Qxe2 Nbd7 9. h4 c5 10. O-O-O Rc8 11. h5 cxd4 12. exd4 Rxc3 13. bxc3 Ne4 14.
Nxd7 Qxd7 15. Kb2 Rc8 16. hxg6 hxg6 17. Rh3 Rc4 18. Bd2 Qa4 19. Be1 Rc6 20. Rb1
Re6 21. Qf3 Ng5 22. Qxd5 Nxh3 23. gxh3 Re2 24. Qb3 Qc6 25. d5 Qc5 26. Rd1 b5
27. Kc1 a5 28. a4 bxa4 29. Qxa4 Kh7 30. h4 Bxc3 31. Bxc3 Qxc3 32. f3 Qxf3 33.
Qxa5 Qf4+ 34. Kb2 Re4 35. h5 g5 36. Qc5 g4 0-1

[Event "17MCR_F"]
[Site "?"]
[Date "2005.??.??"]
[Round "?"]
[White "Lounek, Jan"]
[Black "Sochor, Frantisek"]
[Result "1-0"]
[WhiteElo "2380"]
[BlackElo "2308"]
[PlyCount "87"]
[EventDate "2005.??.??"]
[EventType "corr"]
[SourceDate "2005.03.19"]

1. e4 c5 2. Nf3 d6 3. d4 cxd4 4. Nxd4 Nf6 5. Nc3 a6 6. Be3 e6 7. f3 b5 8. g4 h6
9. Qd2 Nbd7 10. O-O-O Bb7 11. h4 b4 12. Na4 Qa5 13. b3 Nc5 14. a3 Nxa4 15. axb4
Qc7 16. bxa4 d5 17. e5 Nd7 18. f4 Nb6 19. Rh3 Nc4 20. Qc3 Rc8 21. Bf2 Be7 22.
Nb3 Qd7 23. Bc5 Nb6 24. Qa1 Qc7 25. Rd2 Bxc5 26. Nxc5 a5 27. Qb2 O-O 28. Nxb7
Nxa4 29. Qb3 axb4 30. Qxb4 Ra8 31. Rb3 Rfc8 32. Bd3 Nc3 33. Rxc3 Qxc3 34. Qxc3
Rxc3 35. Rf2 Ra2 36. Kd2 Rb3 37. Nd6 Rb4 38. g5 hxg5 39. fxg5 Ra7 40. h5 Rh4
41. Bb5 Rxh5 42. Be8 Rxg5 43. Bxf7+ Rxf7 44. Nxf7 1-0

[Event "17MCR_F"]
[Site "?"]
[Date "2005.??.??"]
[Round "?"]
[White "Vozda, Jindrich"]
[Black "Masek, Jan"]
[Result "1/2-1/2"]
[WhiteElo "2494"]
[BlackElo "2368"]
[PlyCount "61"]
[EventDate "2005.??.??"]
[EventType "corr"]
[SourceDate "2005.03.19"]

1. e4 e5 2. Nf3 Nc6 3. Bb5 a6 4. Ba4 Nf6 5. O-O Be7 6. Re1 b5 7. Bb3 O-O 8. h3
Bb7 9. d3 Re8 10. Nc3 h6 11. Bd2 Bc5 12. a4 Nd4 13. Nxd4 exd4 14. Nd5 Nxd5 15.
Bxd5 Bxd5 16. exd5 Qf6 17. axb5 axb5 18. Rxa8 Rxa8 19. Qg4 Qd6 20. Qf5 Bb4 21.
Bf4 Qg6 22. Qxg6 fxg6 23. Re2 c6 24. Be5 c5 25. g4 Ra2 26. b3 c4 27. bxc4 bxc4
28. Kf1 cxd3 29. cxd3 Ra5 30. d6 Rd5 31. f4 1/2-1/2

[Event "17MCR_F"]
[Site "?"]
[Date "2005.??.??"]
[Round "?"]
[White "Brousek, Jiri"]
[Black "Svoboda, Frantisek"]
[Result "1/2-1/2"]
[WhiteElo "2361"]
[BlackElo "2391"]
[PlyCount "73"]
[EventDate "2005.??.??"]
[EventType "corr"]
[SourceDate "2005.03.19"]

1. d4 e6 2. Nf3 Nf6 3. e3 c5 4. Bd3 d5 5. b3 Nc6 6. O-O Bd6 7. dxc5 Bxc5 8. Bb2
O-O 9. a3 b6 10. Nbd2 Bb7 11. b4 Be7 12. c4 dxc4 13. Bxc4 Rc8 14. Rc1 a5 15. b5
Nb8 16. Qe2 Nbd7 17. Nd4 Nc5 18. Rfd1 Nd5 19. e4 Nf4 20. Qg4 g5 21. Qf3 Bf6 22.
Qe3 Qd7 23. Bf1 Qc7 24. Ba1 a4 25. N4b3 Be7 26. Nxc5 Bxc5 27. Bd4 Bxd4 28. Rxc7
Bxe3 29. Rxb7 Bc5 30. g3 Rfd8 31. gxf4 Rd5 32. fxg5 Rcd8 33. Be2 Rxd2 34. Rxd2
Rxd2 35. Kf1 Bxa3 36. Rxb6 Bf8 37. Ra6 1/2-1/2

[Event "17MCR_F"]
[Site "?"]
[Date "2005.??.??"]
[Round "?"]
[White "Sochor, Frantisek"]
[Black "Svoboda, Frantisek"]
[Result "1/2-1/2"]
[WhiteElo "2308"]
[BlackElo "2391"]
[PlyCount "63"]
[EventDate "2005.??.??"]
[EventType "corr"]
[SourceDate "2005.03.19"]

1. e4 e6 2. d4 d5 3. Nc3 Nf6 4. Bg5 dxe4 5. Nxe4 Be7 6. Bxf6 Bxf6 7. Nf3 Nd7 8.
Qd2 O-O 9. O-O-O Be7 10. Bd3 b6 11. Neg5 Bxg5 12. Nxg5 Nf6 13. h4 Bb7 14. Rh3
h6 15. Nf3 c5 16. Rg3 Kh8 17. c3 Rc8 18. Bc2 Qd5 19. Kb1 Ne4 20. Bxe4 Qxe4+ 21.
Kc1 Qf5 22. Qe3 Bd5 23. a3 Rfd8 24. Qe5 Qh7 25. dxc5 bxc5 26. Nd2 Bc6 27. c4
Bb7 28. Rb3 Rd7 29. f3 a5 30. Ne4 Rxd1+ 31. Kxd1 Bxe4 32. Qxe4 1/2-1/2

[Event "17MCR_F"]
[Site "?"]
[Date "2005.??.??"]
[Round "?"]
[White "Pytlik, Lesek"]
[Black "Brousek, Jiri"]
[Result "1/2-1/2"]
[WhiteElo "2267"]
[BlackElo "2361"]
[PlyCount "86"]
[EventDate "2005.??.??"]
[EventType "corr"]
[SourceDate "2005.03.19"]

1. e4 e6 2. d4 d5 3. Nd2 Nf6 4. e5 Nfd7 5. Bd3 c5 6. c3 Nc6 7. Ne2 Qb6 8. Nf3
cxd4 9. cxd4 f6 10. exf6 Nxf6 11. O-O Bd6 12. b3 O-O 13. Bb2 Bd7 14. Nc3 Rae8
15. Na4 Qc7 16. Rc1 Bf4 17. Rc2 Qd6 18. Nc5 Nb4 19. Nxd7 Qxd7 20. Ne5 Qd8 21.
Re2 Nxd3 22. Qxd3 Ne4 23. f3 Bxe5 24. dxe5 Nc5 25. Qe3 b6 26. Rc2 Qd7 27. Rfc1
Rc8 28. Ba3 d4 29. Qd2 d3 30. Rc4 Rfd8 31. Rd1 a5 32. Qe3 a4 33. b4 Qd5 34. Rc2
Nd7 35. Rxd3 Qxe5 36. Re2 Qxe3+ 37. Rdxe3 Nf6 38. Rxe6 Nd5 39. Rf2 Rc3 40. Bb2
Rd3 41. h3 a3 42. Be5 b5 43. Re2 Kf7 1/2-1/2

[Event "17MCR_F"]
[Site "?"]
[Date "2005.??.??"]
[Round "?"]
[White "Lounek, Jan"]
[Black "Hala, Martin"]
[Result "1/2-1/2"]
[WhiteElo "2380"]
[BlackElo "2383"]
[PlyCount "65"]
[EventDate "2005.??.??"]
[EventType "corr"]
[SourceDate "2005.03.19"]

1. e4 e5 2. Nf3 Nc6 3. Bb5 f5 4. Nc3 fxe4 5. Nxe4 d5 6. Nxe5 dxe4 7. Nxc6 Qg5
8. Qe2 Nf6 9. f4 Qxf4 10. Ne5+ c6 11. d4 Qh4+ 12. g3 Qh3 13. Bc4 Be6 14. Bg5
O-O-O 15. O-O-O Bd6 16. Nf7 Bxf7 17. Bxf7 Rhf8 18. Bc4 Rde8 19. Rhf1 h6 20.
Bxf6 gxf6 21. Rf2 Kb8 22. d5 c5 23. Rdf1 f5 24. Rf4 Be7 25. Kb1 Bg5 26. R4f2
Re5 27. Rd1 Rd8 28. d6 a6 29. Bxa6 bxa6 30. Rf3 exf3 31. Qxe5 f2 32. d7+ Kb7
33. Qd5+ 1/2-1/2

[Event "17MCR_F"]
[Site "?"]
[Date "2005.??.??"]
[Round "?"]
[White "Bucek, Jiri"]
[Black "Boukal, Petr"]
[Result "1/2-1/2"]
[WhiteElo "2326"]
[BlackElo "2417"]
[PlyCount "57"]
[EventDate "2005.??.??"]
[EventType "corr"]
[SourceDate "2005.03.19"]

1. e4 e6 2. d4 d5 3. Nc3 Bb4 4. e5 c5 5. a3 Bxc3+ 6. bxc3 Ne7 7. Nf3 Bd7 8. Rb1
Qc7 9. dxc5 Nbc6 10. Be3 Rb8 11. Bd3 Nxe5 12. Nxe5 Qxe5 13. O-O O-O 14. Re1 Nc6
15. Qf3 Qc7 16. Bf4 e5 17. Bg3 Be6 18. Qh5 h6 19. Bxe5 Nxe5 20. Qxe5 Rfc8 21.
Qxc7 Rxc7 22. Rb5 Bd7 23. Ra5 a6 24. c4 dxc4 25. Bxc4 Bb5 26. Bxb5 Rxc5 27. Rb1
axb5 28. Rbxb5 Rxc2 29. g3 1/2-1/2

[Event "17MCR_F"]
[Site "?"]
[Date "2005.??.??"]
[Round "?"]
[White "Brousek, Jiri"]
[Black "Nejtek, Jiri"]
[Result "1/2-1/2"]
[WhiteElo "2361"]
[BlackElo "2349"]
[PlyCount "113"]
[EventDate "2005.??.??"]
[EventType "corr"]
[SourceDate "2005.03.19"]

1. d4 d5 2. Nf3 c6 3. c4 e6 4. e3 Nf6 5. Bd3 Nbd7 6. O-O Bd6 7. Nbd2 O-O 8. e4
e5 9. cxd5 cxd5 10. Re1 Qc7 11. exd5 exd4 12. Ne4 Nxd5 13. Nxd6 Qxd6 14. Bb1 b6
15. Qxd4 Bb7 16. Bf4 Rfe8 17. Bd2 Rad8 18. Bc2 h6 19. a3 a6 20. Rxe8+ Rxe8 21.
Nh4 Qf6 22. Nf5 Qxd4 23. Nxd4 h5 24. b4 g6 25. Bb3 b5 26. Rc1 Kg7 27. f3 Ne5
28. Re1 Re7 29. h3 f6 30. a4 bxa4 31. Bxa4 Kf7 32. Bb3 Rd7 33. h4 Ke7 34. Bc2
Kf7 35. Nb3 Rc7 36. Nc5 Nd7 37. Rb1 Nxc5 38. bxc5 f5 39. Bd3 Bc8 40. Rc1 Kf6
41. Be1 Rc6 42. Bf2 Nf4 43. Bc4 Be6 44. Bf1 Nd5 45. g3 Ke7 46. Ra1 Nc7 47. Be3
Bd5 48. Kf2 Kd7 49. Rd1 Ke6 50. Rc1 Kd7 51. Be2 Re6 52. Rd1 Kc6 53. Ra1 Kb7 54.
Rb1+ Nb5 55. Bxb5 axb5 56. Rxb5+ Kc7 57. Rb6 1/2-1/2

[Event "17MCR_F"]
[Site "?"]
[Date "2005.??.??"]
[Round "?"]
[White "Laurenc, Petr"]
[Black "Hybl, Vladislav"]
[Result "1/2-1/2"]
[WhiteElo "2480"]
[BlackElo "2305"]
[PlyCount "52"]
[EventDate "2005.??.??"]
[EventType "corr"]
[SourceDate "2005.03.19"]

1. d4 d5 2. c4 c6 3. Nf3 Nf6 4. Nc3 e6 5. e3 Nbd7 6. Qc2 Bd6 7. b3 O-O 8. Be2
b6 9. O-O Bb7 10. Bb2 Qe7 11. Rad1 Rad8 12. e4 Nxe4 13. Nxe4 dxe4 14. Qxe4 Nf6
15. Qe3 c5 16. Ne5 cxd4 17. Bxd4 Nd7 18. Rfe1 Bb4 19. Bc3 Bxc3 20. Qxc3 Qf6 21.
f4 Nxe5 22. Qxe5 Qe7 23. Bd3 Rd7 24. Bc2 Rfd8 25. Rxd7 Rxd7 26. Re2 g6 1/2-1/2

[Event "17MCR_F"]
[Site "?"]
[Date "2005.??.??"]
[Round "?"]
[White "Laurenc, Petr"]
[Black "Hala, Martin"]
[Result "1/2-1/2"]
[WhiteElo "2484"]
[BlackElo "2383"]
[PlyCount "59"]
[EventDate "2005.??.??"]
[EventType "corr"]
[SourceDate "2005.03.19"]

1. e4 e5 2. Nf3 Nc6 3. Bc4 Nf6 4. d3 Be7 5. O-O O-O 6. Re1 d6 7. c3 Na5 8. Bb5
a6 9. Ba4 b5 10. Bc2 c5 11. Nbd2 Re8 12. Nf1 Bb7 13. Ng3 Bf8 14. d4 cxd4 15.
cxd4 exd4 16. Nxd4 d5 17. e5 Ne4 18. b3 Rxe5 19. Bb2 Re8 20. Qg4 Qf6 21. Bxe4
dxe4 22. Nxe4 Qg6 23. Qxg6 hxg6 24. Ng3 Nc6 25. Nxc6 Bxc6 26. h3 b4 27. Bd4 Bb5
28. Be3 Rad8 29. Nf1 Bd6 30. Bb6 1/2-1/2

[Event "17MCR_F"]
[Site "?"]
[Date "2005.??.??"]
[Round "?"]
[White "Boukal, Petr"]
[Black "Kostal, Jindrich"]
[Result "1/2-1/2"]
[WhiteElo "2417"]
[BlackElo "2405"]
[PlyCount "45"]
[EventDate "2005.??.??"]
[EventType "corr"]
[SourceDate "2005.03.19"]

1. e4 e5 2. Nf3 Nc6 3. d4 exd4 4. Nxd4 Bc5 5. Be3 Qf6 6. c3 Nge7 7. Bc4 Ne5 8.
Be2 d5 9. O-O O-O 10. f4 N5c6 11. e5 Qh4 12. Qe1 Qxe1 13. Rxe1 f6 14. Bf3 Nxd4
15. cxd4 Bb6 16. Nc3 c6 17. Na4 Bd8 18. Nc5 Nf5 19. Bf2 fxe5 20. fxe5 Bg5 21.
Be2 b6 22. Na6 Rf7 23. a4 1/2-1/2

[Event "17MCR_F"]
[Site "?"]
[Date "2005.??.??"]
[Round "?"]
[White "Javorsky, Jan"]
[Black "Bucek, Jiri"]
[Result "1/2-1/2"]
[WhiteElo "2305"]
[BlackElo "2326"]
[PlyCount "52"]
[EventDate "2005.??.??"]
[EventType "corr"]
[SourceDate "2005.03.19"]

1. d4 Nf6 2. c4 g6 3. Nc3 Bg7 4. e4 d6 5. f3 O-O 6. Be3 c5 7. dxc5 dxc5 8. Qxd8
Rxd8 9. Bxc5 Nc6 10. Nd5 Nd7 11. Ba3 e6 12. Nc7 Rb8 13. O-O-O b6 14. Nb5 a6 15.
Nc3 Bb7 16. Na4 Bh6+ 17. Kc2 Rbc8 18. Bd6 b5 19. Nc3 bxc4 20. Bxc4 Na5 21. Bd3
Nb6 22. Bb4 Nc6 23. Bc5 Nd7 24. Bd6 Nb6 25. Bc5 Nd7 26. Bd6 Nb6 1/2-1/2

[Event "17MCR_F"]
[Site "?"]
[Date "2005.??.??"]
[Round "?"]
[White "Svoboda, Frantisek"]
[Black "Lounek, Jan"]
[Result "1/2-1/2"]
[WhiteElo "2391"]
[BlackElo "2380"]
[PlyCount "72"]
[EventDate "2005.??.??"]
[EventType "corr"]
[SourceDate "2005.03.19"]

1. c4 e5 2. Nc3 Nf6 3. Nf3 Nc6 4. g3 Bb4 5. Nd5 Bc5 6. Bg2 d6 7. O-O O-O 8. e3
a6 9. d4 Ba7 10. dxe5 Nxe5 11. Nxe5 dxe5 12. Qf3 Ne8 13. Nc3 c6 14. b3 Nf6 15.
Ne4 Nxe4 16. Qxe4 Re8 17. Bb2 Qg5 18. f4 Qg4 19. fxe5 Qxe4 20. Bxe4 Bh3 21. Bg2
Bxe3+ 22. Kh1 Be6 23. Rad1 Rad8 24. h3 h5 25. Kh2 h4 26. g4 Bf4+ 27. Kg1 Rxd1
28. Rxd1 Bc8 29. Kf1 Kh7 30. Re1 Kh6 31. Bc3 Be6 32. Be4 Bd7 33. Bf3 Be6 34. a4
Rd8 35. Rd1 Rxd1+ 36. Bxd1 Kg5 1/2-1/2

[Event "17MCR_F"]
[Site "?"]
[Date "2005.??.??"]
[Round "?"]
[White "Brousek, Jiri"]
[Black "Hybl, Vladislav"]
[Result "1/2-1/2"]
[WhiteElo "2360"]
[BlackElo "2305"]
[PlyCount "67"]
[EventDate "2005.??.??"]
[EventType "corr"]
[SourceDate "2005.03.19"]

1. d4 Nf6 2. Nf3 g6 3. Nc3 d5 4. Bf4 Bg7 5. e3 O-O 6. Be2 c5 7. Ne5 Nc6 8. O-O
cxd4 9. exd4 Qb6 10. Nxc6 Qxc6 11. Bb5 Qb6 12. a4 Qa5 13. Qd2 a6 14. Bd3 Nh5
15. Bh6 Re8 16. Bxg7 Nxg7 17. Rfe1 Bf5 18. Be2 Rad8 19. Bf3 Be6 20. Ne4 Qxd2
21. Nxd2 a5 22. c3 Rd6 23. Bd1 f6 24. Bb3 h5 25. g3 g5 26. f3 Kf7 27. Re2 Bf5
28. Rae1 e6 29. Bd1 Bd3 30. Re3 Bg6 31. Nb3 b6 32. Kf2 Nf5 33. R3e2 h4 34. g4
1/2-1/2

[Event "17MCR_F"]
[Site "?"]
[Date "2005.??.??"]
[Round "?"]
[White "Boukal, Petr"]
[Black "Pravec, Ladislav"]
[Result "1/2-1/2"]
[WhiteElo "2417"]
[BlackElo "2381"]
[PlyCount "53"]
[EventDate "2005.??.??"]
[EventType "corr"]
[SourceDate "2005.03.19"]

1. e4 c5 2. f4 d5 3. Nc3 dxe4 4. Nxe4 Qc7 5. Nf3 Nf6 6. d3 Nbd7 7. g3 g6 8. Bg2
Bg7 9. O-O O-O 10. Qe2 e6 11. a4 b6 12. Nd4 Bb7 13. Nb5 Qb8 14. f5 Nxe4 15.
fxe6 a6 16. exd7 axb5 17. dxe4 bxa4 18. Rd1 Rd8 19. Qb5 Qc7 20. Bf4 Qc6 21.
Qxc6 Bxc6 22. e5 Bxg2 23. Kxg2 Ra7 24. Kf3 h6 25. g4 b5 26. Rd5 Raxd7 27. Rxc5
1/2-1/2

[Event "17MCR_F"]
[Site "?"]
[Date "2005.??.??"]
[Round "?"]
[White "Pytlik, Lesek"]
[Black "Lounek, Jan"]
[Result "1/2-1/2"]
[WhiteElo "2367"]
[BlackElo "2380"]
[PlyCount "86"]
[EventDate "2005.??.??"]
[EventType "corr"]
[SourceDate "2005.03.19"]

1. e4 c5 2. Nf3 d6 3. d4 cxd4 4. Nxd4 Nf6 5. Nc3 a6 6. Bg5 e6 7. f4 Nbd7 8. Qf3
Qc7 9. O-O-O b5 10. Bd3 Bb7 11. Rhe1 Be7 12. Qg3 b4 13. Nd5 exd5 14. exd5 Kd8
15. Nc6+ Bxc6 16. dxc6 Qxc6 17. Bxf6 Nxf6 18. Qxg7 Re8 19. Qxf7 Ra7 20. Rxe7
Raxe7 21. Qxf6 Kc7 22. Qd4 Qc5 23. Qxc5+ dxc5 24. Bxa6 Re4 25. g3 c4 26. Bb5
Ra8 27. b3 c3 28. Kb1 Ra3 29. Rf1 Kd6 30. g4 Rd4 31. Bd3 Rd5 32. g5 h6 33. h4
hxg5 34. hxg5 Rda5 35. Kc1 Rxa2 36. Kd1 Ra1+ 37. Ke2 Rxf1 38. Kxf1 Ra1+ 39. Kf2
Rh1 40. Be4 Rd1 41. Ke3 Rg1 42. Kf3 Re1 43. Bd3 Rg1 1/2-1/2